We Are European Citizens, Are We Not? Keys to a Real Citizenship

Opätovný pohľad na Európu z hľadiska jej histórie, spoločného kultúrneho dedičstva a spôsoby zachádzania s ním. Na základe toho objavovanie ďalších ciest zjednotenia, ktoré európske elity zjavne opustili a týmto spôsobom nachádzanie kľúča k efektívnemu občianstvu.

Na minha lista:
Detalhes bibliográficos
Autor principal: Dufoulon, Serge
Formato: Capítulo de Livro
Idioma:inglês
Assuntos:
Tags: Adicionar Tag
Sem tags, seja o primeiro a adicionar uma tag!

MARC

LEADER 00000naa a2200000 4500
001 0241877
005 20180410133538.5
041 0 |a eng 
044 |a SK 
245 1 0 |a We Are European Citizens, Are We Not? Keys to a Real Citizenship  |c Serge Dufoulon 
520 |a Opätovný pohľad na Európu z hľadiska jej histórie, spoločného kultúrneho dedičstva a spôsoby zachádzania s ním. Na základe toho objavovanie ďalších ciest zjednotenia, ktoré európske elity zjavne opustili a týmto spôsobom nachádzanie kľúča k efektívnemu občianstvu. 
610 2 0 |a občianstvo štátne 
610 2 0 |a občania 
610 2 0 |a Európska únia 
610 2 0 |a história 
610 2 0 |a kultúra 
610 2 0 |a dedičstvo kultúrne 
610 2 0 |a spolužitie mierové 
610 2 0 |a vzťahy interkultúrne 
100 1 |a Dufoulon, Serge